000 00543nam a2200217Ia 4500
008 210210b1995 xxu||||| |||| 00| 0 eng d
020 _a8120309847
082 _a621.38 RODE
100 _aRODDY (Dennis)
245 _aElectronic communications Ed 4
250 _a
260 _aNew Delhi.
_bPrentice-Hall of India Private Limited
_c1995
300 _aix,820
650 _aElectronic
650 _aEd
650 _acommunications
650 _a4
690 _aElectronic Communication
700 _aCOOLEN (John).
906 _a051648
999 _c99981
_d99981